เปลี่ยนเป็นภาษาไทย

Change to English
 แสดงรายละเอียดบรรณานุกรม
  กลับหน้าหลัก

Brief Record : Get Marc (ISO 2709) : E-mail record : QR code < ปิดหน้าต่าง
mysqli: Table './ulib62015/stat_globaluid' is marked as crashed and should be repaired
select id from stat_globaluid where statuid='20260517174043_2086' 
mysqli: Table './ulib62015/stat_globaluid' is marked as crashed and should be repaired
DELETE FROM stat_globaluid
			WHERE id NOT IN (
			  SELECT id
			  FROM (
				SELECT id
				FROM stat_globaluid
				ORDER BY id DESC
				LIMIT 100
			  ) foo
			); 
mysqli: Table './ulib62015/stat_globaluid' is marked as crashed and should be repaired
insert into stat_globaluid set
		statuid='20260517174043_2086',
		dt='1779014443',
		phpself='/ULIB62015/dublinfull.php',
		agent='Mozilla/5.0 AppleWebKit/537.36 (KHTML, like Gecko; compatible; ClaudeBot/1.0; +claudebot@anthropic.com)',
		yea='2026',
		mon='5',
		dat='17',
		ip='216.73.216.45'
		
		
mysqli: Table './ulib62015/stathist_viewbib_bib_type' is marked as crashed and should be repaired
insert into stathist_viewbib_bib_type set 
		dat='17' ,
		 mon='05' ,
		  yea='2026' ,
			 statuid='20260517174043_2086' ,
			 head='29918' ,
			 foot='marc' ,
			 dt='1779014443' 
		
LEADER : 01174nam 2200277 a 4500
001    29918
003     ULIB
008    030417s2004 caua sb 001 0 eng
020    ^a974-297-608-4
050    ^a995.6.I6
060    ^aผ932
082    ^aSF
245    ^aแผนยุทธศาสตร์ป้องกัน แก้ไข และเตรียมพร้อมรับปัญหาโรคไข้หวัดนก และการระบาดใหญ่ของโรคไข้หวัดนก ฉบับที่ 2 (พ.ศ. 2551-2553)
913    ^aImported by ULIBM Administrator
945    ^p0^l0^i010097
945    ^p0^l0^i010095
945    ^p0^l0^i010098
945    ^p0^l0^i010096
945    ^p0^l0^i010099
949    ^aImport form external file by ULIBM system
รายการนี้ยังไม่มีแท็ก
คุณยังไม่ได้ล็อกอิน คุณสามารถมีกิจกรรมร่วมกับเว็บไซต์ได้ แต่ต้องล็อกอินก่อน ::
  ล็อกอิน
  One Stop Service : ศูนย์ให้บริการแบบเบ็ดเสร็จ   จัดการหนังสือโปรด   แจ้งรายการบรรณานุกรมผิดพลาด
ลำดับที่ ประเภท เลขเรียก/บาร์โค้ด สถานที่ สถานะ
1. หนังสือ
หนังสือ
SF 995.6.I6 ผ932 2004 ฉ.1 
  Barcode: 010097
หนังสือทั่วไป บนชั้น
  ขอยืม
2. หนังสือ
หนังสือ
SF 995.6.I6 ผ932 2004 ฉ.2 
  Barcode: 010095
หนังสือทั่วไป บนชั้น
  ขอยืม
3. หนังสือ
หนังสือ
SF 995.6.I6 ผ932 2004 ฉ.3 
  Barcode: 010098
หนังสือทั่วไป บนชั้น
  ขอยืม
4. หนังสือ
หนังสือ
SF 995.6.I6 ผ932 2004 ฉ.4 
  Barcode: 010096
หนังสือทั่วไป บนชั้น
  ขอยืม
5. หนังสือ
หนังสือ
SF 995.6.I6 ผ932 2004 ฉ.5 
  Barcode: 010099
หนังสือทั่วไป บนชั้น
  ขอยืม

BibComment


ยังไม่เคยถูกคอมเมนท์

คอมเมนท์ทรัพยากรรายการนี้
  คอมเมนท์: แผนยุทธศาสตร์ป้อ..
Bib 29918

 
 
 

 Union Library Management : ULibM
Copyright 2026. All Rights Reserved.